000 00646nam a2200265Ia 4500
005 20260306164253.0
008 008 260114s9999 xx 000 0 eng d
020 _a9780226833125
037 _aEBOOK
040 _aCRL
040 _beng
040 _cCRL
041 _2eng
041 _aeng
084 _qCRL
100 _aAgrawal
245 4 _aThe Economics Of Artificial Intelligence: Health Care Challenges
260 _bUniversity of Chicago Press
260 _c2024
650 _aEconomics & Finance
856 _uhttps://academic.oup.com/book/58398
942 _cEBOOK
999 _c1713442
_d1713442